The Routledge international handbook of advanced quantitative methods in nursing research / (Record no. 60381)

MARC details
000 -LEADER
fixed length control field 00601nam a22001817a 4500
005 - DATE AND TIME OF LATEST TRANSACTION
control field 20260420121908.0
008 - FIXED-LENGTH DATA ELEMENTS--GENERAL INFORMATION
fixed length control field 260420b |||||||| |||| 00| 0 eng d
020 ## - INTERNATIONAL STANDARD BOOK NUMBER
International Standard Book Number 9780415521802
050 ## - LIBRARY OF CONGRESS CALL NUMBER
Classification number RT81.5
Item number .R67 2016
245 ## - TITLE STATEMENT
Title The Routledge international handbook of advanced quantitative methods in nursing research /
260 ## - PUBLICATION, DISTRIBUTION, ETC. (IMPRINT)
Place of publication, distribution, etc London ;
Name of publisher, distributor, etc New York :
Date of publication, distribution, etc 2016.
300 ## - PHYSICAL DESCRIPTION
Extent xxvi, 437 pages :
Dimensions 26 cm
500 ## - GENERAL NOTE
General note Includes bibliographical references and index.
650 ## - SUBJECT ADDED ENTRY--TOPICAL TERM
Topical term or geographic name as entry element Nursing Research
General subdivision methods.
650 ## - SUBJECT ADDED ENTRY--TOPICAL TERM
Topical term or geographic name as entry element Research Design.
700 ## - ADDED ENTRY--PERSONAL NAME
Personal name Henly, Susan J.
942 ## - ADDED ENTRY ELEMENTS (KOHA)
Source of classification or shelving scheme Library of Congress Classification
Item type Book
Holdings
Withdrawn status Lost status Source of classification or shelving scheme Damaged status Not for loan Collection code Home library Current library Shelving location Date acquired Source of acquisition Cost, normal purchase price Total Checkouts Full call number Barcode Date last seen Copy number Price effective from Koha item type
    Library of Congress Classification   Not For Loan Non-fiction Bishop Okullu Memorial Library (Limuru Campus) Bishop Okullu Memorial Library (Limuru Campus) Processing Center 20/04/2026 Donations-Pittsburg 9186.00   RT81.5 .R67 2016 073355 20/04/2026 1 20/04/2026 Book